| 000 | 00900cam a2200265 i 4500 | ||
|---|---|---|---|
| 008 | |||
| 020 | _a9781628926576 (looseleaf : alk. paper) | ||
| 049 | _aMAIN | ||
| 090 |
_aREF TS1765 _bJOH |
||
| 100 | 1 | _aJohnson, Ingrid. | |
| 245 | 1 | 0 |
_aJ.J. Pizzuto's fabric science swatch kit / _cIngrid Johnson , Allen C Cohen and Ajoy K. Sarkar. |
| 250 | _a11th ed. | ||
| 260 |
_aNew York : _bFairchild Books, an imprint of Bloomsbury, _c2016. |
||
| 300 |
_a1 volume (unnumbered p.) ; _c30 cm. |
||
| 650 | 0 | _aTextile fabrics. | |
| 650 | 0 | _aTextile industry. | |
| 700 | 1 | _aSarkar , Ajoy K. | |
| 700 | 1 |
_aCohen, Allen C. _c(Writer on textile industry). |
|
| 700 | 1 |
_aPizzuto, Joseph J. _q(Joseph James). _tFabric science. |
|
| 907 |
_a.b10391447 _b03-09-18 _c30-08-18 |
||
| 003 | |||
| 005 | 20230120191438.0 | ||
| 040 | _cNUST | ||
| 942 |
_cBOOKS _kREF TS1765 _mJOH |
||
| 999 |
_c101281 _d101281 |
||